000 01298nam a2200217 a 4500
008 120416s1989 ||||||||||||||||| || u
020 _a0905435834
050 _aQA 76 Fre
100 _aFrench, C. S
245 1 0 _aComputer science
250 _a3rd ed.
260 _aLondon
_bDP Publications
_c1989
300 _axi, 785p. : ill.
350 _a0.00
995 _aMAIN LIBRARY OPEN ACCESS
_D0.00
_e729934
_FCBU-MAIN LIBRARY (Kitwe)
_H1
_I45.00
_jQA 76 Fre
_M1
_UAVAILABLE
_y023909
_ZMain Library Open Access Collection
995 _aTEXTBOOKS (SB)
_D0.00
_e01022
_FCBU-SCHOOL TEXTBOOK COLLECTIONS
_H1
_I0.00
_jSCHOOL TEXTBOOK
_M4
_UAVAILABLE
_WSep 21, 2009
_y01021
_ZSchool Collections
995 _aTEXTBOOKS (SB)
_D0.00
_e01019
_FCBU-SCHOOL TEXTBOOK COLLECTIONS
_H1
_I0.00
_jSCHOOL TEXTBOOK
_M2
_UAVAILABLE
_WSep 21, 2009
_y01019
_ZSchool Collections
995 _aTEXTBOOKS (SB)
_D0.00
_e01022
_FCBU-SCHOOL TEXTBOOK COLLECTIONS
_H1
_I0.00
_jSCHOOL TEXTBOOK
_M5
_UAVAILABLE
_WSep 21, 2009
_y01022
_ZSchool Collections
995 _aTEXTBOOKS (SB)
_D0.00
_e01023
_FCBU-SCHOOL TEXTBOOK COLLECTIONS
_H1
_I0.00
_jSCHOOL TEXTBOOK
_M6
_UAVAILABLE
_WSep 21, 2009
_y01023
_ZSchool Collections
995 _aTEXTBOOKS (SB)
_D0.00
_e01020
_FCBU-SCHOOL TEXTBOOK COLLECTIONS
_H1
_I0.00
_jSCHOOL TEXTBOOK
_M3
_UAVAILABLE
_WSep 21, 2009
_y01020
_ZSchool Collections
999 _c79678
_d79678